000 00366nam a2200145Ia 4500
008 230411s9999 xx 000 0 und d
020 _a81-7473-254-3
041 _aeng
082 _aC/004/JAI/SAK/B01957
100 _aJain N & Sakshi M
_9177140
245 _aComputer For Nurses
260 _bALLBS
_aNew Delhi
_c2004
300 _a388p
999 _c153193
_d153193